| 000 | 00831aam a2200337a 44500 | ||
|---|---|---|---|
| 008 | 930106s1976 spa | ||
| 041 | _aspa | ||
| 041 | _bcat | ||
| 080 | _a796.332(038) | ||
| 100 |
_aPuyal, Joaquim M. _966680 |
||
| 245 | _aVocabulari del futbol | ||
| 245 | _cAlfred Badia i Gabarro | ||
| 245 | _cJoaquim M Puyal | ||
| 260 | _a[Barcelona] | ||
| 260 | _bA. Badia i Gabarro | ||
| 260 | _c1976 | ||
| 300 |
_a36 f. _c22 cm |
||
| 500 | _aExemplar mecanoscrit, no publicat | ||
| 520 | _aaprox. 760 | ||
| 591 | _a2145 | ||
| 592 | _aObra terminològica | ||
| 593 | _aVKB | ||
| 594 | _a2145 | ||
| 650 |
_afutbol _960771 |
||
| 700 |
_aBadia i Gabarro, A. _966681 |
||
| 901 | _c<1976> | ||
| 902 | _a930106 | ||
| 942 |
_cMO _n0 |
||
| 999 |
_c55515 _d55515 |
||